Исследование влияния добавок бинарных соединений висмута и олова на процесс конверсии легких углеводородов на цеолитных катализаторах; Проблемы геологии и освоения недр; Т. 2
| Parent link: | Проблемы геологии и освоения недр: труды XXI Международного симпозиума имени академика М. А. Усова студентов и молодых ученых, посвященного 130-летию со дня рождения профессора М. И. Кучина, Томск, 3-7 апреля 2017 г./ Национальный исследовательский Томский политехнический университет (ТПУ), Институт природных ресурсов (ИПР) ; под ред. А. С. Боева.— , 2017 Т. 2.— 2017.— [С. 282-284] |
|---|---|
| מחבר ראשי: | |
| מחבר תאגידי: | |
| מחברים אחרים: | , |
| סיכום: | Заглавие с экрана |
| שפה: | רוסית |
| יצא לאור: |
2017
|
| סדרה: | Современные технологии подготовки и переработки природных ресурсов Углеводородное сырье |
| נושאים: | |
| גישה מקוונת: | http://earchive.tpu.ru/handle/11683/42087 |
| פורמט: | אלקטרוני Book Chapter |
| KOHA link: | https://koha.lib.tpu.ru/cgi-bin/koha/opac-detail.pl?biblionumber=623354 |
MARC
| LEADER | 00000naa2a2200000 4500 | ||
|---|---|---|---|
| 001 | 623354 | ||
| 005 | 20231101133246.0 | ||
| 035 | |a (RuTPU)RU\TPU\conf\22302 | ||
| 035 | |a RU\TPU\conf\22293 | ||
| 090 | |a 623354 | ||
| 100 | |a 20170815d2017 k y0rusy50 ca | ||
| 101 | 0 | |a rus | |
| 102 | |a RU | ||
| 105 | |a y z 100zy | ||
| 135 | |a drgn ---uucaa | ||
| 181 | 0 | |a i | |
| 182 | 0 | |a b | |
| 200 | 1 | |a Исследование влияния добавок бинарных соединений висмута и олова на процесс конверсии легких углеводородов на цеолитных катализаторах |f В. В. Хасанов, Д. С. Мигачёва |g науч. рук. В. И. Ерофеев | |
| 203 | |a Текст |c электронный | ||
| 225 | 1 | |a Современные технологии подготовки и переработки природных ресурсов | |
| 225 | 1 | |a Углеводородное сырье | |
| 230 | |a 1 компьютерный файл (pdf; 456 Kb) | ||
| 300 | |a Заглавие с экрана | ||
| 320 | |a [Библиогр.: с. 284 (4 назв.)] | ||
| 461 | 1 | |0 (RuTPU)RU\TPU\conf\21932 |t Проблемы геологии и освоения недр |o труды XXI Международного симпозиума имени академика М. А. Усова студентов и молодых ученых, посвященного 130-летию со дня рождения профессора М. И. Кучина, Томск, 3-7 апреля 2017 г. |o в 2 т. |f Национальный исследовательский Томский политехнический университет (ТПУ), Институт природных ресурсов (ИПР) ; под ред. А. С. Боева |d 2017 | |
| 463 | 1 | |0 (RuTPU)RU\TPU\conf\21938 |t Т. 2 |v [С. 282-284] |d 2017 | |
| 610 | 1 | |a труды учёных ТПУ | |
| 610 | 1 | |a электронный ресурс | |
| 610 | 1 | |a добавки | |
| 610 | 1 | |a бинарные соединения | |
| 610 | 1 | |a висмут | |
| 610 | 1 | |a олово | |
| 610 | 1 | |a конверсия | |
| 610 | 1 | |a легкие углеводороды | |
| 610 | 1 | |a цеолитные катализаторы | |
| 700 | 1 | |a Хасанов |b В. В. |c геолог, специалист в области нефтегазового дела |c ассистент Томского политехнического университета |f 1987- |g Вячеслав Викторович |2 stltpush |3 (RuTPU)RU\TPU\pers\32070 | |
| 701 | 1 | |a Мигачёва |b Д. С. | |
| 702 | 1 | |a Ерофеев |b В. И. |c специалист в области нефтегазового дела |c профессор Томского политехнического университета, доктор технических наук |f 1946- |g Владимир Иванович |2 stltpush |4 727 | |
| 712 | 0 | 2 | |a Национальный исследовательский Томский политехнический университет (ТПУ) |b Институт природных ресурсов (ИПР) |b Кафедра геологии и разработки нефтяных месторождений (ГРНМ) |h 258 |2 stltpush |3 (RuTPU)RU\TPU\col\18657 |
| 801 | 2 | |a RU |b 63413507 |c 20170905 |g RCR | |
| 856 | 4 | |u http://earchive.tpu.ru/handle/11683/42087 | |
| 942 | |c BK | ||